La educación especial en la escuela integrada: una perspectiva desde la diversidad

Uloženo v:
Podrobná bibliografie
Hlavní autor: Puigdellívol, Ignasi (Autor)
Médium: Kniha
Jazyk:španělština
Vydáno: Barcelona Graó 2005
Vydání:6a. ed
Edice:Atención a la Diversidad, 124
Témata:
Tagy: Přidat tag
Žádné tagy, Buďte první, kdo vytvoří štítek k tomuto záznamu!

MARC

LEADER 00000cam a2200000 a 4500
001 UCG4544
003 CL-VaPUC
008 101111e20050500SP |||||||||||||||||spa|d
020 |a 8478271821 
082 0 4 |a 371.9  |b PUI  |2 21 
100 0 |a Puigdellívol, Ignasi  |e author  |9 553876 
245 1 3 |a La educación especial en la escuela integrada: una perspectiva desde la diversidad 
250 |a 6a. ed 
300 |a 428 p 
942 |c BK 
945 |d 20101111 00:00:00  |a mfarfan 
260 |a Barcelona  |b Graó  |c 2005 
650 0 |a Educación especial  |9 307486 
650 0 |a Integración escolar  |9 312238 
650 0 |a Planificación de la educación   |9 307333 
583 |a last modification  |c 20120622 10:01:59  |k Rodrigo Vera 
490 0 |a Atención a la Diversidad, 124 
999 |c 343242  |d 343240 
952 |0 0  |1 0  |4 0  |6 371_900000000000000_PUI_2005  |7 0  |8 A  |9 440377  |a BIBEDU  |b BIBEDU  |c ES_NOD  |d 2019-11-22  |i 4732480  |l 2  |o 371.9 PUI 2005  |p 4732480  |r 2023-08-09  |s 2022-09-06  |w 2019-11-22  |y BK  |k EPE 
952 |0 0  |1 0  |4 0  |6 371_900000000000000_PUI_2005  |7 0  |8 A  |9 440378  |a BIBEDU  |b BIBEDU  |c ES_NOD  |d 2019-11-22  |i 4790138  |l 1  |o 371.9 PUI 2005  |p 4790138  |r 2023-08-09  |s 2022-08-26  |w 2019-11-22  |y BK  |k EPE